000 00583cam a2200145 4500500
005 20260208010203.0
041 _afre
042 _adc
100 1 0 _aFix, Florence
_eauthor
245 0 0 _aAngeliki Giannouli, La Grèce antique sur la scène française (1797-1873). Paris, Champion, 2013. Un vol. de 536 p.
260 _c2015.
500 _a28
786 0 _nRevue d'histoire littéraire de la France | 115 | 1 | 2015-01-27 | p. 191i-252i | 0035-2411
856 4 1 _uhttps://shs.cairn.info/revue-d-histoire-litteraire-de-la-france-2015-1-page-191i?lang=fr&redirect-ssocas=7080
999 _c1655487
_d1655487